000 01349nam0a22002651 4500
001 v19\rc\1678601
005 20250619015854.0
035 _a(NLR Aleph) 004784907
090 _a4688070
_c4688070
100 _a20061002d1895 |||y0rusy50 ca
101 0 _arus
102 _aRU
105 _ay z |||||
200 1 _aСборник статей и отрывков из художественных произведений для диктанта, письменного изложения прочитанного в классе, составления образцовых планов ученических сочинений и подражания учениками в сочинениях на темы, подходящие к выработанным планам
_fСост. И. Вертоградский, преп. Моск. реал. уч-ща при Еванг.-лютер. ц. св. Михаила в 3 Моск. кадет. корп.
210 _aМосква
_cК.И. Тихомиров
_d1895
215 _a184, IV, II с.
_d17
700 1 _aВертоградский
_bИ.А.
_gИона Александрович
801 0 _aRU
_bNLR
_gpsbo
801 0 _aRU
_bRuMoRGB
_2psbo
801 1 _aRU
_bProSoft-M
_2rusmarc
852 _aNLR
_j18.187.3.12
899 _aRuMoRGB
_jA 200/252
899 _aБАН
942 _cBOOK
980 _aNB